[Event "SVK-chT1E 2425"]
[Site "Slovakia"]
[Date "2024.12.07"]
[Round "3.2"]
[White "Michalicka, Milan"]
[Black "Svana, Kamil"]
[Result "1/2-1/2"]
[WhiteElo "2051"]
[BlackElo "2039"]
[PlyCount "146"]
[EventDate "2024.11.16"]
[EventType "team-tourn"]
[EventRounds "11"]
[EventCountry "SVK"]
[SourceTitle "CB51_2024"]
[SourceDate "2024.12.18"]
[SourceVersion "1"]
[SourceVersionDate "2024.12.18"]
[SourceQuality "1"]
[WhiteTeam "Banska Bystrica Junior"]
[BlackTeam "Kosice Slavia TU"]
[WhiteTeamCountry "SVK"]
[BlackTeamCountry "SVK"]

1. d4 Nf6 2. c4 e6 3. g3 Bb4+ 4. Nd2 0-0 5. Bg2 d5 6. Ngf3 b6 7. a3 Be7 8. cxd5 exd5 9. Ne5 c5 10. 0-0 Bb7 11. Ndf3 Nc6 12. Be3 Ne4 13. Rc1 c4 14. Nxc6 Bxc6 15. Ne5 Rc8 16. Bxe4 dxe4 17. Rxc4 Bd5 18. Rxc8 Qxc8 19. Qa4 Qb7 20. Rc1 b5 21. Qc2 Bd6 22. Nc6 Qd7 23. Nb4 Bxb4 24. axb4 Qe6 25. Ra1 Rc8 26. Qd2 a6 27. Rc1 Rc6 28. Rc5 f6 29. Bf4 Kf7 30. h4 Rxc5 31. dxc5 h6 32. Qe3 Bb7 33. Qd4 Qd5 34. Qxd5+ Bxd5 35. Kf1 h5 36. Ke1 Ke6 37. Kd2 Bc6 38. Bd6 g6 39. Ke3 Bd5 40. Kf4 Bc6 41. Bf8 Kf7 42. Bh6 Ke6 43. Bg7 Kf7 44. Bh8 Ke6 45. g4 hxg4 46. Kxg4 Bd5 47. f3 exf3 48. exf3 Kf7 49. f4 Be6+ 50. Kf3 Bd5+ 51. Ke3 Ke6 52. Bg7 Bc6 53. Kd4 Kf5 54. Bh8 Ke6 55. Ke3 Kf5 56. Bg7 Ke6 57. Kf2 Kf7 58. Bh6 Ke6 59. Kg3 Kf5 60. Bf8 Bd5 61. Bd6 Bc6 62. Kf2 Ke4 63. Ke2 Kf5 64. Ke3 Ke6 65. Kf2 Kf5 66. Kg3 Bd5 67. Kf2 Bc6 68. Ke3 Ke6 69. Kd4 Kf5 70. Bc7 Ke6 71. Ke3 Kf5 72. Kf2 Ke6 73. Kg3 Kf5 1/2-1/2

[Event "Tatran Cup 70th"]
[Site "Tatranske Matliare"]
[Date "2024.10.07"]
[Round "3"]
[White "Kopia, Julian"]
[Black "Michalicka, Milan"]
[Result "0-1"]
[WhiteElo "1725"]
[BlackElo "2062"]
[PlyCount "102"]
[EventDate "2024.10.05"]
[EventType "swiss"]
[EventRounds "8"]
[EventCountry "SVK"]
[SourceTitle "CB45_2024"]
[Source "ChessBase"]
[SourceDate "2024.11.06"]
[SourceVersion "1"]
[SourceVersionDate "2024.11.06"]
[SourceQuality "1"]

1. e4 c5 2. Nc3 e6 3. g3 d5 4. exd5 exd5 5. d3 Nf6 6. Bg2 d4 7. Ne4 Nxe4 8. Bxe4 Bd6 9. Ne2 Nc6 10. 0-0 Bg4 11. Re1 0-0 12. f3 Bd7 13. Bf4 Qc7 14. Qd2 Ne5 15. Bxe5 Bxe5 16. f4 Bf6 17. Kg2 Rac8 18. Ng1 c4 19. Nf3 c3 20. bxc3 Qxc3 21. Qxc3 Rxc3 22. Re2 b5 23. Rb1 Rfc8 24. Rb2 Kf8 25. h3 g6 26. g4 a5 27. g5 Bg7 28. Ne1 a4 29. Bf3 h5 30. Bb7 R8c5 31. Ba6 f6 32. h4 fxg5 33. fxg5 Bc6+ 34. Kg3 Rf5 35. Bc8 Rf1 36. Rf2+ Rxf2 37. Kxf2 Be5 38. Be6 Ke7 39. Bg8 Rc5 40. a3 Bf4 41. Ng2 Bc1 42. Ra2 Rf5+ 43. Kg3 Rf3+ 44. Kh2 Rf2 45. c3 Rxa2 46. Bxa2 dxc3 47. Ne1 Bxa3 48. Nc2 Bd6+ 49. Kh3 b4 50. Nd4 Bd7+ 51. Kg2 Bc5 0-1

[Event "SVK-chT1E 2223"]
[Site "Slovakia"]
[Date "2024.01.13"]
[Round "7.1"]
[White "Mrozowski, Patryk"]
[Black "Michalicka, Milan"]
[Result "1-0"]
[WhiteElo "2135"]
[BlackElo "2115"]
[PlyCount "97"]
[EventDate "2023.10.21"]
[EventType "team-tourn"]
[EventRounds "11"]
[EventCountry "SVK"]
[SourceTitle "EXT 2025"]
[Source "ChessBase"]
[SourceDate "2024.10.14"]
[SourceVersion "1"]
[SourceVersionDate "2024.10.14"]
[SourceQuality "1"]
[WhiteTeam "Stropkov/Svidnik"]
[BlackTeam "Banska Bystrica Junior"]
[WhiteTeamCountry "SVK"]
[BlackTeamCountry "SVK"]

1. e4 c5 2. Nf3 e6 3. d4 cxd4 4. Nxd4 Nc6 5. Be3 Qc7 6. Nc3 a6 7. Qd2 Nf6 8. f3 Be7 9. g4 b5 10. g5 Nh5 11. Nxc6 Qxc6 12. Ne2 Bb7 13. Ng3 Nxg3 14. hxg3 Qd6 15. Qxd6 Bxd6 16. Kf2 Rc8 17. Bd3 Be5 18. c3 d5 19. exd5 Bxd5 20. Rh4 Bc4 21. Bxc4 Rxc4 22. Rxc4 bxc4 23. Rd1 f6 24. f4 Bb8 25. gxf6 gxf6 26. Rd4 h5 27. Rxc4 Kd7 28. Ra4 h4 29. gxh4 Rxh4 30. Kg3 Rh1 31. Rxa6 Rb1 32. Rb6 Bc7 33. Rb5 e5 34. a4 Re1 35. Kf2 Rh1 36. fxe5 Bxe5 37. Ke2 Kc6 38. Bd4 Rh4 39. Kd3 Rg4 40. b3 Rg3+ 41. Kc4 Rg4 42. Rb6+ Kc7 43. a5 f5 44. Kc5 Bxd4+ 45. cxd4 f4 46. Rf6 Rg3 47. Rf7+ Kc8 48. b4 Rc3+ 49. Kb5 1-0

[Event "SVK-chT1E 2223"]
[Site "Slovakia"]
[Date "2023.11.26"]
[Round "4.2"]
[White "Kusiak, Matej"]
[Black "Michalicka, Milan"]
[Result "1/2-1/2"]
[WhiteElo "2254"]
[BlackElo "2115"]
[PlyCount "93"]
[EventDate "2023.10.21"]
[EventType "team-tourn"]
[EventRounds "11"]
[EventCountry "SVK"]
[SourceTitle "EXT 2025"]
[Source "ChessBase"]
[SourceDate "2024.10.14"]
[SourceVersion "1"]
[SourceVersionDate "2024.10.14"]
[SourceQuality "1"]
[WhiteTeam "Humenne Reinter II"]
[BlackTeam "Banska Bystrica Junior"]
[WhiteTeamCountry "SVK"]
[BlackTeamCountry "SVK"]

1. e4 c5 2. Nf3 e6 3. Nc3 Nc6 4. d4 cxd4 5. Nxd4 Qc7 6. g3 a6 7. Bg2 Nf6 8. 0-0 Nxd4 9. Qxd4 Bc5 10. Bf4 d6 11. Qd3 Ng4 12. Na4 Ne5 13. Qc3 f6 14. Be3 Bd7 15. Nxc5 dxc5 16. f4 Ng4 17. Qxc5 Qxc5 18. Bxc5 0-0-0 19. Bb6 Rde8 20. c4 e5 21. f5 Rhg8 22. Bf3 Nh6 23. a4 g6 24. fxg6 hxg6 25. b4 Nf7 26. Bg2 f5 27. b5 Nd6 28. bxa6 bxa6 29. exf5 gxf5 30. c5 Ne4 31. c6 Bxc6 32. Rac1 Kb7 33. a5 Rgf8 34. g4 fxg4 35. Rxf8 Rxf8 36. Rxc6 Kxc6 37. Bxe4+ Kb5 38. Bd3+ Kb4 39. Bxa6 Ra8 40. Bb7 Rxa5 41. Bxa5+ Kxa5 42. Kg2 Kb6 43. Ba6 Kxa6 44. Kg3 Kb5 45. Kxg4 Kc4 46. h4 e4 47. h5 1/2-1/2

[Event "SVK-chT1E 2223"]
[Site "Slovakia"]
[Date "2023.01.14"]
[Round "7.3"]
[White "Michalicka, Milan"]
[Black "Nemergut, Patrik"]
[Result "1/2-1/2"]
[WhiteElo "2174"]
[BlackElo "1987"]
[PlyCount "139"]
[EventDate "2022.10.15"]
[EventType "team-tourn"]
[EventRounds "11"]
[EventCountry "SVK"]
[SourceTitle "EXT 2024"]
[Source "ChessBase"]
[SourceDate "2023.10.10"]
[SourceVersion "1"]
[SourceVersionDate "2023.10.10"]
[SourceQuality "1"]
[WhiteTeam "Banska Bystrica Junior"]
[BlackTeam "Kezmarok KdV"]
[WhiteTeamCountry "SVK"]
[BlackTeamCountry "SVK"]

1. d4 d5 2. c4 e5 3. dxe5 d4 4. Nf3 Nc6 5. a3 Nge7 6. b4 Bg4 7. Bb2 Bxf3 8. exf3 Ng6 9. b5 Ncxe5 10. Qxd4 Qxd4 11. Bxd4 0-0-0 12. Be3 f5 13. Be2 f4 14. Bd2 Bc5 15. 0-0 Rhe8 16. Bb4 Bd4 17. Ra2 c5 18. bxc6 Nxc6 19. Rc1 Nge5 20. Kf1 Nxb4 21. axb4 Nc6 22. b5 Nb4 23. Rd2 Bc5 24. Rxd8+ Rxd8 25. Nc3 a5 26. bxa6 bxa6 27. Ne4 Bd4 28. c5 a5 29. Bb5 h6 30. Ke2 Kc7 31. Rc4 Rd5 32. Ba4 Be5 33. Nd2 Na2 34. Bb3 Nb4 35. Ne4 Rd4 36. Rc1 a4 37. Bf7 Rd7 38. Be8 Rd4 39. Nc3 Kd8 40. Bxa4 Nd3 41. Rc2 Nxc5 42. Bb5 Ne6 43. Bd3 Rb4 44. Kd2 Nc5 45. Na2 Nb3+ 46. Ke1 Rb7 47. Be4 Ra7 48. g3 Ke7 49. Kf1 Rd7 50. Nb4 Rd1+ 51. Kg2 Nd4 52. Ra2 fxg3 53. hxg3 Ne6 54. Nd5+ Kd7 55. Ra7+ Nc7 56. Ne3 Ra1 57. Rb7 Rc1 58. f4 Bd4 59. Nf5 Bf6 60. Ne3 Bd4 61. Bf5+ Kd6 62. Be4 Bf6 63. Kf3 Rc3 64. Ke2 Rc5 65. Rb6+ Kd7 66. Bf5+ Ke7 67. Bg4 Nb5 68. Nf5+ Rxf5 69. Rb7+ Kd6 70. Bxf5 1/2-1/2

[Event "SVK-chT1E 2223"]
[Site "Slovakia"]
[Date "2022.12.04"]
[Round "6.4"]
[White "Michalicka, Milan"]
[Black "Brnusak, Tomas"]
[Result "0-1"]
[WhiteElo "2174"]
[BlackElo "2107"]
[PlyCount "40"]
[EventDate "2022.10.15"]
[EventType "team-tourn"]
[EventRounds "11"]
[EventCountry "SVK"]
[SourceTitle "EXT 2024"]
[Source "ChessBase"]
[SourceDate "2023.10.10"]
[SourceVersion "1"]
[SourceVersionDate "2023.10.10"]
[SourceQuality "1"]
[WhiteTeam "Banska Bystrica Junior"]
[BlackTeam "Liptov Chess School II"]
[WhiteTeamCountry "SVK"]
[BlackTeamCountry "SVK"]

1. d4 f5 2. Nf3 Nf6 3. g3 g6 4. Bg2 Bg7 5. 0-0 0-0 6. b4 d5 7. Bf4 Nbd7 8. Qc1 Nb6 9. Bh6 Bd7 10. Bxg7 Kxg7 11. Ne5 a5 12. bxa5 Rxa5 13. c4 Nxc4 14. Nxc4 dxc4 15. Bxb7 c6 16. Nc3 Qc7 17. Qb2 Rb8 18. Qb4 Be6 19. Rab1 Ra7 20. Nb5 cxb5 0-1

[Event "Kavala op 31st"]
[Site "Kavala"]
[Date "2022.07.27"]
[Round "2"]
[White "Michalicka, Milan"]
[Black "Maltsevskaya, Aleksandra"]
[Result "1/2-1/2"]
[WhiteElo "2216"]
[BlackElo "2378"]
[PlyCount "76"]
[EventDate "2022.07.26"]
[EventType "swiss"]
[EventRounds "9"]
[EventCountry "GRE"]
[SourceTitle "CBM 209 Extra"]
[Source "ChessBase"]
[SourceDate "2022.09.30"]
[SourceVersion "1"]
[SourceVersionDate "2022.09.30"]
[SourceQuality "1"]

1. d4 Nf6 2. c4 g6 3. Nc3 Bg7 4. e4 d6 5. Nf3 0-0 6. Be2 e5 7. 0-0 Nc6 8. d5 Ne7 9. Ne1 Ne8 10. Nd3 f5 11. Bd2 Nf6 12. f3 f4 13. c5 g5 14. Rc1 Ng6 15. cxd6 cxd6 16. Nb5 Rf7 17. Qc2 Ne8 18. a4 h5 19. Nf2 g4 20. fxg4 hxg4 21. Nxg4 a6 22. Na3 Qg5 23. h3 Nf6 24. Nxf6+ Bxf6 25. g4 Qh4 26. Qd3 Bg5 27. Qf3 Qh6 28. Nc4 Nh4 29. Qf2 f3 30. Bxg5 Qxg5 31. Nxd6 Rf4 32. Nxc8 fxe2 33. Qxe2 Rxf1+ 34. Qxf1 Qe3+ 35. Kh2 Nf3+ 36. Kg2 Nh4+ 37. Kh2 Nf3+ 38. Kg2 Nh4+ 1/2-1/2

[Event "Krakow op-A"]
[Site "Krakow"]
[Date "2022.06.26"]
[Round "2"]
[White "Michalicka, Milan"]
[Black "Malicka, Maria"]
[Result "1-0"]
[WhiteElo "2209"]
[BlackElo "2387"]
[PlyCount "107"]
[EventDate "2022.06.25"]
[EventType "swiss"]
[EventRounds "9"]
[EventCountry "POL"]
[SourceTitle "CBM 209 Extra"]
[Source "ChessBase"]
[SourceDate "2022.09.30"]
[SourceVersion "1"]
[SourceVersionDate "2022.09.30"]
[SourceQuality "1"]

1. d4 Nf6 2. c4 g6 3. Nc3 d5 4. cxd5 Nxd5 5. e4 Nxc3 6. bxc3 Bg7 7. Nf3 c5 8. Be3 Qa5 9. Qd2 Nc6 10. Rb1 a6 11. Rc1 cxd4 12. cxd4 Qxd2+ 13. Kxd2 e6 14. Bc4 0-0 15. Rhd1 Bd7 16. Ke2 Na5 17. Bd3 Ba4 18. Re1 Rac8 19. Rxc8 Rxc8 20. Rc1 Rxc1 21. Bxc1 Nc6 22. Bb2 b5 23. Ke3 Bh6+ 24. Ke2 Bg7 25. Ke3 Bh6+ 26. Ke2 f5 27. exf5 exf5 28. Ne1 Kf7 29. Bb1 Ke6 30. Nd3 Kd5 31. Nc5 Bg7 32. Nxa4 bxa4 33. Bc2 Bxd4 34. Bc1 Ne5 35. Bxa4 Ng4 36. Bb3+ Ke5 37. f3 Nf6 38. Kd3 Ba1 39. Bc4 Nd5 40. Bd2 a5 41. Bxd5 Kxd5 42. Bxa5 Be5 43. h3 g5 44. g4 fxg4 45. hxg4 Bd6 46. Bd2 h6 47. Bc3 Ke6 48. Ke4 Ba3 49. Ba1 Kf7 50. Kf5 Bb4 51. a4 Bd2 52. Bd4 Ba5 53. Be5 Bb4 54. Bc7 1-0

[Event "Krakow op-A"]
[Site "Krakow"]
[Date "2022.06.25"]
[Round "1"]
[White "Mikrut, Dariusz"]
[Black "Michalicka, Milan"]
[Result "1-0"]
[WhiteElo "2349"]
[BlackElo "2209"]
[PlyCount "53"]
[EventDate "2022.06.25"]
[EventType "swiss"]
[EventRounds "9"]
[EventCountry "POL"]
[SourceTitle "CBM 209 Extra"]
[Source "ChessBase"]
[SourceDate "2022.09.30"]
[SourceVersion "1"]
[SourceVersionDate "2022.09.30"]
[SourceQuality "1"]

1. d4 Nf6 2. c4 g6 3. Nc3 Bg7 4. e4 d6 5. f3 0-0 6. Be3 Nbd7 7. Qd2 a6 8. Bd3 c5 9. Nge2 b6 10. 0-0 Bb7 11. Rad1 Rc8 12. b3 cxd4 13. Nxd4 e6 14. Bb1 Re8 15. Bg5 Qc7 16. Nde2 Bf8 17. Kh1 Be7 18. Rc1 Qb8 19. Nd4 Rcd8 20. f4 Nc5 21. Rce1 e5 22. fxe5 Ng4 23. Bxe7 dxe5 24. Nd5 Bxd5 25. exd5 Rxe7 26. Nc6 Qd6 27. Qg5 1-0

[Event "SVK-chT1E 2122"]
[Site "Slovakia"]
[Date "2022.03.20"]
[Round "7.4"]
[White "Hotak, Marian"]
[Black "Michalicka, Milan"]
[Result "0-1"]
[WhiteElo "2003"]
[BlackElo "2221"]
[PlyCount "78"]
[EventDate "2022.01.29"]
[EventType "team-tourn"]
[EventRounds "11"]
[EventCountry "SVK"]
[SourceTitle "EXT 2023"]
[Source "ChessBase"]
[SourceDate "2022.10.05"]
[SourceVersion "1"]
[SourceVersionDate "2022.10.05"]
[SourceQuality "1"]
[WhiteTeam "Kosice Slavia TU"]
[BlackTeam "Banska Bystrica Junior"]
[WhiteTeamCountry "SVK"]
[BlackTeamCountry "SVK"]

1. b4 g6 2. Bb2 Nf6 3. c4 Bg7 4. g3 0-0 5. Bg2 c6 6. Nf3 d5 7. 0-0 dxc4 8. Na3 b5 9. d3 cxd3 10. exd3 Be6 11. Re1 Bd5 12. Nc2 e6 13. Ncd4 Qb6 14. Nb3 Nbd7 15. Bd4 Qb7 16. Qc2 Rac8 17. Na5 Qa8 18. Nh4 Rfd8 19. Qb2 Ne8 20. Rac1 Bxd4 21. Qxd4 Bxg2 22. Nxg2 c5 23. Qa1 cxb4 24. Ne3 Ndf6 25. Qe5 a6 26. Rb1 Nd7 27. Qa1 h5 28. Rxb4 Nc5 29. Rh4 Nxd3 30. Rd1 Ng7 31. Qf6 Ne8 32. Qg5 Qf3 33. Rd2 Rc1+ 34. Nf1 Rdc8 35. Nb3 Rd1 36. Rxd1 Qxf2+ 37. Kh1 Qf3+ 38. Kg1 Qxd1 39. Nbd2 Qe2 0-1

[Event "SVK-ch Seniors 50"]
[Site "Tatranske Matliare"]
[Date "2021.06.27"]
[Round "9"]
[White "Michalicka, Milan"]
[Black "Kolesar, Milan"]
[Result "1/2-1/2"]
[WhiteElo "2198"]
[BlackElo "2119"]
[PlyCount "63"]
[EventDate "2021.06.20"]
[EventType "swiss"]
[EventRounds "9"]
[EventCountry "SVK"]
[SourceTitle "EXT 2022"]
[Source "ChessBase"]
[SourceDate "2021.10.06"]
[SourceVersion "1"]
[SourceVersionDate "2021.10.06"]
[SourceQuality "1"]

1. d4 d5 2. c4 c6 3. Nf3 Nf6 4. Nc3 dxc4 5. e4 b5 6. Be2 Bg4 7. 0-0 e6 8. b3 Bb4 9. Bb2 Bxc3 10. Bxc3 Nxe4 11. Bb4 a5 12. Be1 c3 13. Qc2 Nd2 14. Bxd2 cxd2 15. Rfd1 0-0 16. Rxd2 Bf5 17. Bd3 Bxd3 18. Rxd3 a4 19. b4 Ra7 20. Rad1 Qd6 21. Ng5 h6 22. Ne4 Qe7 23. a3 Rd7 24. f4 Rfd8 25. Qf2 Rd5 26. Nc3 R5d6 27. Re1 Qa7 28. Red1 Nd7 29. Ne4 Rd5 30. Nc3 Rd6 31. Ne4 Rd5 32. Nc3 1/2-1/2

[Event "Tatry op"]
[Site "Tatranske Zruby"]
[Date "2020.09.27"]
[Round "2"]
[White "Stevik, Patrik1"]
[Black "Michalicka, Milan"]
[Result "0-1"]
[WhiteElo "2037"]
[BlackElo "2205"]
[PlyCount "64"]
[EventDate "2020.09.26"]
[EventType "swiss"]
[EventRounds "9"]
[EventCountry "SVK"]
[SourceTitle "CBM 198 Extra"]
[Source "ChessBase"]
[SourceDate "2020.11.30"]
[SourceVersion "1"]
[SourceVersionDate "2020.11.30"]
[SourceQuality "1"]

1. b3 Nf6 2. Bb2 g6 3. Nf3 Bg7 4. c4 d6 5. d4 0-0 6. g3 Nc6 7. Bg2 Rb8 8. 0-0 a6 9. Nc3 b5 10. Ng5 Bd7 11. cxb5 axb5 12. Rc1 h6 13. Nge4 Nxe4 14. Nxe4 Na7 15. Qc2 c6 16. Nd2 Qb6 17. Qd3 Rfc8 18. e4 Rc7 19. b4 Nc8 20. Kh1 Qa7 21. Qb1 Bxd4 22. Bxd4 Qxd4 23. Nf3 Qf6 24. e5 dxe5 25. Qe4 Nd6 26. Qxe5 Kg7 27. Rfe1 Be8 28. Qc5 Ra8 29. Rc2 Rca7 30. Rce2 Rxa2 31. Rxe7 Ra1 32. Nd4 Qxe7 0-1

[Event "SVK-chT1E 1920"]
[Site "Slovakia"]
[Date "2020.01.25"]
[Round "7.3"]
[White "Balazs, Ladislav"]
[Black "Michalicka, Milan"]
[Result "0-1"]
[WhiteElo "2092"]
[BlackElo "2179"]
[PlyCount "130"]
[EventDate "2019.10.12"]
[EventType "team-tourn"]
[EventRounds "11"]
[EventCountry "SVK"]
[SourceTitle "CBM 194 Extra"]
[Source "ChessBase"]
[SourceDate "2020.03.31"]
[SourceVersion "1"]
[SourceVersionDate "2020.03.31"]
[SourceQuality "1"]
[WhiteTeam "Kosice 1 CC"]
[BlackTeam "Banska Bystrica Junior"]
[WhiteTeamCountry "SVK"]
[BlackTeamCountry "SVK"]

1. d4 Nf6 2. c4 g6 3. Nc3 Bg7 4. e4 d6 5. Nf3 Bg4 6. Be3 0-0 7. Qd2 Nbd7 8. Be2 c5 9. 0-0 a6 10. dxc5 Nxc5 11. Bxc5 dxc5 12. Qg5 Bxf3 13. Bxf3 Nd7 14. Rfd1 e6 15. Qd2 Ne5 16. Be2 Nc6 17. Na4 Bd4 18. Rab1 Qh4 19. Bf3 Rfd8 20. g3 Qf6 21. Bg2 Rd6 22. Qe2 Rad8 23. Rf1 h5 24. a3 a5 25. Kh1 h4 26. f4 hxg3 27. Qg4 e5 28. Nb6 Ne7 29. Nd5 Nxd5 30. exd5 exf4 31. hxg3 Qh8+ 32. Qh4 fxg3 33. Qxh8+ Bxh8 34. Rf3 Be5 35. Re3 f6 36. Bh3 Rb6 37. Kg2 Kg7 38. a4 Rh8 39. b3 Rh4 40. Rd1 Rd6 41. Rh1 Rd8 42. Rd3 Kf8 43. Re1 Ke7 44. Rxg3 Rdh8 45. Ree3 g5 46. Rg4 Kd6 47. Rxh4 Rxh4 48. Bc8 Rh2+ 49. Kf3 b6 50. Bf5 Rh4 51. Re4 Rh2 52. Re2 Rh1 53. Kg2 Rh4 54. Re4 Rxe4 55. Bxe4 Bf4 56. Kf3 Ke5 57. Bc2 Kd4 58. Kg4 Kc3 59. Bd1 Kd2 60. Bf3 Kc2 61. Kf5 Kxb3 62. Kxf6 Kxa4 63. Ke7 Kb4 64. d6 a4 65. d7 Bc7 0-1

[Event "SVK-chT1E 1920"]
[Site "Slovakia"]
[Date "2019.12.08"]
[Round "6.4"]
[White "Popovic, Martin"]
[Black "Michalicka, Milan"]
[Result "1-0"]
[WhiteElo "2037"]
[BlackElo "2183"]
[PlyCount "53"]
[EventDate "2019.10.12"]
[EventType "team-tourn"]
[EventRounds "11"]
[EventCountry "SVK"]
[SourceTitle "CBM 194 Extra"]
[Source "ChessBase"]
[SourceDate "2020.03.31"]
[SourceVersion "1"]
[SourceVersionDate "2020.03.31"]
[SourceQuality "1"]
[WhiteTeam "Kosice Slavia TU II"]
[BlackTeam "Banska Bystrica Junior"]
[WhiteTeamCountry "SVK"]
[BlackTeamCountry "SVK"]

1. e4 c5 2. Nf3 e6 3. d4 cxd4 4. Nxd4 Nc6 5. Be3 Qc7 6. Nc3 a6 7. Qd2 Nf6 8. f3 Ne5 9. a3 b5 10. Bd3 Nc4 11. Bxc4 bxc4 12. 0-0 Rb8 13. e5 Ng8 14. Ne4 Rxb2 15. Qc3 Rb8 16. Ne2 Be7 17. Nd6+ Kf8 18. Rad1 f6 19. Ng3 fxe5 20. f4 exf4 21. Rxf4+ Nf6 22. Nh5 Rb1 23. Rxb1 Qxd6 24. Nxf6 gxf6 25. Rxc4 Kf7 26. Bc5 Qd5 27. Bxe7 1-0

[Event "SVK-chT1E 1920"]
[Site "Slovakia"]
[Date "2019.10.12"]
[Round "1.5"]
[White "Michalicka, Milan"]
[Black "Lisko, Frantisek"]
[Result "0-1"]
[WhiteElo "2196"]
[BlackElo "2274"]
[PlyCount "78"]
[EventDate "2019.10.12"]
[EventType "team-tourn"]
[EventRounds "11"]
[EventCountry "SVK"]
[SourceTitle "CBM 193 Extra"]
[Source "ChessBase"]
[SourceDate "2020.01.31"]
[SourceVersion "1"]
[SourceVersionDate "2020.01.31"]
[SourceQuality "1"]
[WhiteTeam "Banska Bystrica Junior"]
[BlackTeam "Dunajov Inbest II"]
[WhiteTeamCountry "SVK"]
[BlackTeamCountry "SVK"]

1. d4 Nf6 2. c4 e6 3. Nf3 c5 4. d5 exd5 5. cxd5 d6 6. Nc3 g6 7. Bf4 a6 8. a4 Bg7 9. h3 0-0 10. e3 Ne8 11. Be2 Nd7 12. 0-0 b6 13. Nd2 Ne5 14. Bg3 f5 15. f4 Nf7 16. Qc2 Nc7 17. Rad1 Rb8 18. Nc4 Qe8 19. Rfe1 Bd7 20. a5 b5 21. Nb6 b4 22. Nb1 Bb5 23. Bc4 Na8 24. Nxa8 Rxa8 25. Nd2 Qd8 26. Ra1 Rb8 27. Bb3 Qf6 28. Ra2 Rfe8 29. Nf3 h6 30. Bc4 Bxc4 31. Qxc4 b3 32. Ra4 Re4 33. Nd4 cxd4 34. exd4 Rxd4 35. Qc7 Qd8 36. Rc4 Rxc4 37. Qxc4 Qxa5 38. Re7 Qc5+ 39. Qxc5 dxc5 0-1

[Event "Jesenik op"]
[Site "Jesenik"]
[Date "2019.08.25"]
[Round "9"]
[White "Novy, Martin"]
[Black "Michalicka, Milan"]
[Result "0-1"]
[WhiteElo "2134"]
[BlackElo "2190"]
[PlyCount "152"]
[EventDate "2019.08.17"]
[EventType "swiss"]
[EventRounds "9"]
[EventCountry "CZE"]
[SourceTitle "EXT 2020"]
[Source "ChessBase"]
[SourceDate "2019.10.17"]
[SourceVersion "1"]
[SourceVersionDate "2019.10.17"]
[SourceQuality "1"]

1. d4 Nf6 2. Nf3 c5 3. c3 b6 4. Bf4 g6 5. e3 Bg7 6. Nbd2 Bb7 7. h3 0-0 8. Bd3 d6 9. Qe2 Nbd7 10. 0-0 Re8 11. Bh2 e5 12. Ba6 Bxa6 13. Qxa6 e4 14. Ne1 d5 15. Nc2 Re6 16. Qe2 Ne8 17. Rfd1 cxd4 18. cxd4 Bf8 19. Rdc1 Rc6 20. Na3 Rac8 21. Qd1 Bxa3 22. bxa3 Nef6 23. Nb3 Rc4 24. Nd2 Rc3 25. Nb3 R8c6 26. Rxc3 Rxc3 27. Rc1 Qc8 28. Rxc3 Qxc3 29. Qc1 Qc4 30. Bd6 Ne8 31. Be7 f5 32. Qb2 Kf7 33. Bb4 a5 34. Bd2 Nd6 35. Na1 Qe2 36. Bc1 Qd1+ 37. Kh2 Nc4 38. Qc2 Qd3 39. Qa4 Ke6 40. Nb3 Nd6 41. Qc6 Qc4 42. Qa8 Qc7 43. g3 Nb8 44. Bd2 Qb7 45. Qxb7 Nxb7 46. a4 Nd6 47. h4 Nc4 48. Bc1 Nd7 49. Kg2 Kd6 50. Kf1 Kc6 51. Ke2 b5 52. axb5+ Kxb5 53. Bd2 a4 54. Nc1 Nb2 55. Bc3 a3 56. Nb3 Nd3 57. Ba5 Nb8 58. Bc7 Nc6 59. Bd6 Ncb4 60. Be7 Nxa2 61. Bxa3 Ka4 62. Nc5+ Kxa3 63. Ne6 Nc3+ 64. Kf1 Nd1 65. Nf8 N1xf2 66. Nxh7 Ng4 67. Ke2 Ndf2 68. Nf8 Nh1 69. Nxg6 Nxg3+ 70. Kd2 Kb3 71. h5 Nxh5 72. Ne7 Ng3 73. Nxd5 Nf1+ 74. Ke2 Nfxe3 75. Ne7 Kc4 76. d5 Kc5 0-1

[Event "Jesenik op"]
[Site "Jesenik"]
[Date "2019.08.19"]
[Round "3"]
[White "Kowalczyk, Rafal"]
[Black "Michalicka, Milan"]
[Result "0-1"]
[WhiteElo "2234"]
[BlackElo "2190"]
[PlyCount "86"]
[EventDate "2019.08.17"]
[EventType "swiss"]
[EventRounds "9"]
[EventCountry "CZE"]
[SourceTitle "EXT 2020"]
[Source "ChessBase"]
[SourceDate "2019.10.17"]
[SourceVersion "1"]
[SourceVersionDate "2019.10.17"]
[SourceQuality "1"]

1. e4 c5 2. Nf3 e6 3. d4 cxd4 4. Nxd4 Nc6 5. Nxc6 bxc6 6. Bd3 d5 7. 0-0 Nf6 8. Nd2 Bc5 9. Qe2 0-0 10. e5 Nd7 11. Nb3 Bb6 12. Bf4 f6 13. Qh5 f5 14. Rad1 a5 15. a4 Qe7 16. h3 Bb7 17. Rfe1 Qf7 18. Qxf7+ Kxf7 19. c4 Ba6 20. cxd5 cxd5 21. Bxa6 Rxa6 22. Rc1 Rb8 23. Be3 Bd8 24. Rc3 h6 25. f4 Rb4 26. Rec1 Ra8 27. g3 Nb6 28. Nd4 Nc4 29. Bf2 Rxb2 30. Nb5 Be7 31. R1c2 Rb1+ 32. Rc1 Rb4 33. Ra1 Rc8 34. Ra2 g5 35. Kg2 gxf4 36. gxf4 Rg8+ 37. Kf3 Rb1 38. Rcc2 Rh1 39. Ke2 Rxh3 40. Rc3 Rh2 41. Rf3 Rgg2 42. Nc3 Bb4 43. Nd1 Rh1 0-1

[Event "Jesenik op"]
[Site "Jesenik"]
[Date "2019.08.17"]
[Round "1"]
[White "Drabek, Miloslav"]
[Black "Michalicka, Milan"]
[Result "0-1"]
[WhiteElo "2008"]
[BlackElo "2190"]
[PlyCount "50"]
[EventDate "2019.08.17"]
[EventType "swiss"]
[EventRounds "9"]
[EventCountry "CZE"]
[SourceTitle "EXT 2020"]
[Source "ChessBase"]
[SourceDate "2019.10.17"]
[SourceVersion "1"]
[SourceVersionDate "2019.10.17"]
[SourceQuality "1"]

1. d4 Nf6 2. Nf3 g6 3. c4 Bg7 4. Nc3 d6 5. g3 0-0 6. Bg2 c6 7. 0-0 Qa5 8. h3 Be6 9. Qd3 Qa6 10. b3 d5 11. Ne5 dxc4 12. bxc4 Nfd7 13. Nxd7 Nxd7 14. Bg5 Bxc4 15. Qd2 Rfe8 16. Rab1 Rad8 17. Rfd1 Nf8 18. e3 h6 19. Bf4 g5 20. Bc7 Rd7 21. Rb4 b5 22. d5 c5 23. Rxc4 bxc4 24. d6 exd6 25. Bxd6 Bxc3 0-1